Producción de conocimiento desde la investigación crítica /

Guardado en:
書目詳細資料
主要作者: Torres Carrillo, Alfonso
格式: Texto
標簽: 添加標簽
沒有標簽, 成為第一個標記此記錄!

MARC

LEADER 00000 a a2200000 04500
001 46683
003
040
100 |a Torres Carrillo, Alfonso  
245 |a Producción de conocimiento desde la investigación crítica /  |c Alfonso Torres Carrillo  
773 |g número40 (2014), páginas 69-83  
999 |c 39720  |d 39720